00381nam a2200145Ia 4500008004100000020001800041041000800059082002100067100001600088245004100104260004400145300000800189365001100197650002700208140306s9999 xx 000 0 und d a81 7014 169 9 aeng a346 .066bKAP/CO aKapoor, N D aCompany law and secreterial practice aNew DelhibSultan Chand And Sonsc 1996 a480 bRs .80 acompany correspondance